000 00718nam a22002297a 4500
005 20170124110105.0
010 _aA-835087
020 _c00.00
_a0582750423
035 _aA-835087
037 _bCen Lib/Ret
040 _aDPL
_bEN
082 _a920
_bMIL
100 _aMills, Therese
_927903
245 _aGreat West Indians :
_cby Therese Mills; illustrated by Tony Evora
_blife stories for young readers /
260 _aLondon
_bLongman Caribbean
_c1973
270 _bLondon
300 _aiv,99p. :
_c18cm(Hb)
_bill.
650 _aCaribbean Area -- Biography -- Juvenile literature
_927904
650 _aCaribbean Area
_927905
700 _aEvora, Tony
_927899
942 _2ddc
_cEN
_h921
_mGRE
999 _c129958
_d129958